การให้บริการสาธารณะโดยการมีส่วนร่วมของประชาชน People's audit เอกสารการเรียนรู้ หน่วยที่ 5 : (ระเบียนเลขที่ 101494)
| 000 -LEADER | |
|---|---|
| fixed length control field | 03534nam a22003497a 4500 |
| 003 - CONTROL NUMBER IDENTIFIER | |
| control field | NALT |
| 005 - DATE AND TIME OF LATEST TRANSACTION | |
| control field | 20241022073753.0 |
| 008 - FIXED-LENGTH DATA ELEMENTS--GENERAL INFORMATION | |
| fixed length control field | 230308b th ||||| |||| 00| 0 tha d |
| 020 ## - INTERNATIONAL STANDARD BOOK NUMBER | |
| International Standard Book Number | 9789744494153 |
| 040 ## - CATALOGING SOURCE | |
| Original cataloging agency | NALT |
| 050 ## - LIBRARY OF CONGRESS CALL NUMBER | |
| Classification number | JS 7153.3.A6P82 |
| Item number | ก528 2552 |
| 245 00 - TITLE STATEMENT | |
| Title | การให้บริการสาธารณะโดยการมีส่วนร่วมของประชาชน People's audit เอกสารการเรียนรู้ หน่วยที่ 5 : |
| Remainder of title | กระบวนการพัฒนาและเทคนิคการให้บริการสู่ความเป็นเลิศสำหรับประเทศไทย / |
| Statement of responsibility, etc. | บรรณาธิการ ถวิลวดี บุรีกุล และวิศิษฏ ชัชวาลทิพากร. |
| 246 34 - VARYING FORM OF TITLE | |
| Title proper/short title | กระบวนการพัฒนาและเทคนิคการให้บริการสู่ความเป็นเลิศสำหรับประเทศไทย. |
| 250 ## - EDITION STATEMENT | |
| Edition statement | พิมพ์ครั้งที่ 1. |
| 260 ## - PUBLICATION, DISTRIBUTION, ETC. | |
| Place of publication, distribution, etc. | นนทบุรี : |
| Name of publisher, distributor, etc. | สำนักวิจัยและพัฒนา สถาบันพระปกเกล้า, |
| Date of publication, distribution, etc. | 2552. |
| 300 ## - PHYSICAL DESCRIPTION | |
| Extent | vi, 106 หน้า : |
| Other physical details | ตาราง, ภาพประกอบ ; |
| Dimensions | 21 ซม. |
| 490 #0 - SERIES STATEMENT | |
| Series statement | เอกสารการเรียนรู้ การให้บริการสาธารณะโดยการมีส่วนร่วมของประชาชน People's Audit ; |
| Volume/sequential designation | หน่วยที่ 5. |
| 505 2# - FORMATTED CONTENTS NOTE | |
| Formatted contents note | เรื่องที่ 19 คู่มือการสร้างความเป็นเลิศในการให้บริการสาธารณะสำหรับประเทศไทย : บทนำ ; ตอนที่ 1 การสร้างวิสัยทัศน์ และค่านิยมในการให้บริการ ; ตอนที่ 2 การตรวจสอบกระบวนการการให้บริการแบบมีส่วนร่วม ; ตอนที่ 3 การปรับปรุงการให้บริการ ; ตอนที่ 4 การตรวจวัดความสำเร็จ ; ตอนที่ 5 การเสริมทักษะการให้บริการ. |
| 650 #4 - SUBJECT ADDED ENTRY--TOPICAL TERM | |
| 9 (RLIN) | 2026 |
| Topical term or geographic name entry element | บริการสาธารณะ |
| 650 #4 - SUBJECT ADDED ENTRY--TOPICAL TERM | |
| 9 (RLIN) | 12673 |
| Topical term or geographic name entry element | การมีส่วนร่วมของประชาชน |
| 650 #4 - SUBJECT ADDED ENTRY--TOPICAL TERM | |
| 9 (RLIN) | 36462 |
| Topical term or geographic name entry element | บริการสาธารณะ |
| General subdivision | การมีส่วนร่วมของประชาชน |
| 650 #4 - SUBJECT ADDED ENTRY--TOPICAL TERM | |
| 9 (RLIN) | 6561 |
| Topical term or geographic name entry element | องค์กรปกครองส่วนท้องถิ่น |
| General subdivision | การมีส่วนร่วมของประชาชน |
| 650 #4 - SUBJECT ADDED ENTRY--TOPICAL TERM | |
| 9 (RLIN) | 20079 |
| Topical term or geographic name entry element | การพัฒนาชุมชน |
| General subdivision | การมีส่วนร่วมของประชาชน |
| 700 0# - ADDED ENTRY--PERSONAL NAME | |
| Personal name | ถวิลวดี บุรีกุล. |
| 9 (RLIN) | 2407 |
| 700 0# - ADDED ENTRY--PERSONAL NAME | |
| 9 (RLIN) | 11956 |
| Personal name | วิศิษฎ ชัชวาลทิพากร |
| 710 2# - ADDED ENTRY--CORPORATE NAME | |
| 9 (RLIN) | 6552 |
| Corporate name or jurisdiction name as entry element | สถาบันพระปกเกล้า. |
| Subordinate unit | สำนักวิจัยและพัฒนา |
| 850 ## - HOLDING INSTITUTION | |
| Holding institution | NALT |
| 942 ## - ADDED ENTRY ELEMENTS (KOHA) | |
| Koha item type | General Book |
| Source of classification or shelving scheme | Library of Congress Classification |
| 996 ## - STAFF PROCESSING RECORDS (NALT) | |
| Staff name | kornsiririn.r |
| Staff type | CATSTF |
| Acquisition or Cataloging date | 2023-03-08 |
| 996 ## - STAFF PROCESSING RECORDS (NALT) | |
| Staff name | phornvitoo |
| Staff type | CATSTF |
| Acquisition or Cataloging date | 2023-05-25 |
| 998 ## - STAFF NAME (NALT) | |
| -- | |
| -- | CRON CRON |
| Withdrawn status | Lost status | Source of classification or shelving scheme | Damaged status | Not for loan | Collection code | Home library | Current library | Shelving location | Date acquired | Full call number | Barcode | Date last seen | Price effective from | Koha item type |
|---|---|---|---|---|---|---|---|---|---|---|---|---|---|---|
| Library of Congress Classification | Senate | National Assembly Library of Thailand | National Assembly Library of Thailand | General Book shelves | 08/03/2023 | JS 7153.3.A6P82 ก528 2552 | 0100006734001 | 31/10/2023 | 08/03/2023 | General Book |
